"Viaje de invierno" de Schubert : (Record no. 194319)

MARC details
000 -LEADER
campo de control de longitud fija 02972nam a2200481 i 4500
001 - NÚMERO DE CONTROL
campo de control 194319
003 - IDENTIFICADOR DE NÚMERO DE CONTROL
campo de control SpMaBN
005 - FECHA Y HORA DE LA ÚLTIMA TRANSACCIÓN
campo de control 20250928121617.0
007 - CAMPO FIJO DE DESCRIPCIÓN FÍSICA--INFORMACIÓN GENERAL
campo de control de longitud fija ta
008 - DATOS DE LONGITUD FIJA--INFORMACIÓN GENERAL
campo de control de longitud fija 240424s2019 sp a | |||| 001 0dspa
017 ## - NÚMERO DE COPYRIGHT O DE DEPÓSITO LEGAL
Número de copyright o de depósito legal B 5491-2019
Agencia que asigna Oficina Depósito Legal Barcelona
020 ## - NÚMERO INTERNACIONAL ESTÁNDAR DEL LIBRO
Número Internacional Estándar del Libro 9788417346560
035 ## - NÚMERO DE CONTROL DEL SISTEMA
Número de control de sistema (OCoLC)1121557459
035 ## - NÚMERO DE CONTROL DEL SISTEMA
Número de control de sistema a6509405
040 ## - FUENTE DE CATALOGACIÓN
Centro catalogador/agencia de origen SpMaBN
Lengua de catalogación spa
Centro/agencia transcriptor SpMaBN
Normas de descripción rda
Centro/agencia modificador ES-MaACL
080 ## - NÚMERO DE LA CLASIFICACIÓN DECIMAL UNIVERSAL
Número de la Clasificación Decimal Universal 78 Schubert, Franz
080 ## - NÚMERO DE LA CLASIFICACIÓN DECIMAL UNIVERSAL
Número de la Clasificación Decimal Universal 821.112.2 Müller, Wilhelm 7 Winterreise.08
100 1# - ENTRADA PRINCIPAL--NOMBRE DE PERSONA
Nombre de persona Bostridge, Ian
9 (RLIN) 235990
Término indicativo de función/relación Autor
245 10 - MENCIÓN DEL TÍTULO
Título "Viaje de invierno" de Schubert :
Resto del título anatomía de una obsesión /
Mención de responsabilidad, etc. Ian Bostridge ; traducción del inglés y del alemán de Luis Gago.
250 ## - MENCION DE EDICION
Mención de edición Primera edición: marzo de 2019
264 #1 - PRODUCCIÓN, PUBLICACIÓN, DISTRIBUCIÓN, FABRICACIÓN Y COPYRIGHT
Producción, publicación, distribución, fabricación y copyright Barcelona :
Nombre del de productor, editor, distribuidor, fabricante Acantilado,
Fecha de producción, publicación, distribución, fabricación o copyright 2019
264 #4 - PRODUCCIÓN, PUBLICACIÓN, DISTRIBUCIÓN, FABRICACIÓN Y COPYRIGHT
Fecha de producción, publicación, distribución, fabricación o copyright ©2019
300 ## - DESCRIPCIÓN FÍSICA
Extensión 285 páginas, 16 páginas de láminas (color) sin numerar (color) :
Otras características físicas ilustraciones (blanco y negro) ;
Dimensiones 21 cm
336 ## - TIPO DE CONTENIDO
Término de tipo de contenido Texto
Fuente rdacontent
337 ## - TIPO DE MEDIO
Nombre/término del tipo de medio sin mediación
Fuente rdamedia
338 ## - TIPO DE SOPORTE
Nombre/término del tipo de soporte volumen
Fuente rdacarrier
490 1# - MENCIÓN DE SERIE
Mención de serie El Acantilado
Designación de volumen o secuencia 385
500 ## - NOTA GENERAL
Nota general Traducción de: Schubert's Winter Journey
500 ## - NOTA GENERAL
Nota general Catalogación provisional. N-9956. Depósito J
504 ## - NOTA DE BIBLIOGRAFÍA, ETC.
Nota de bibliografía, etc. Bibliografía: páginas 369-384. Índice
520 ## - RESUMEN, ETC.
Sumario, etc. Ian Bostridge comparte en estas páginas su pasión por una de las obras más extraordinarias y enigmáticas de la música occidental, el schubertiano ciclo de Lieder Viaje de invierno, del que en la actualidad es uno de sus más celebrados intérpretes. Examinando uno a uno los veinticuatro poemas de Wilhelm Müller que lo integran, descifra sus enigmas y sutiles significados, así como las circunstancias biográficas del compositor y los condicionantes históricos que pudieron intervenir en la concepción de una de las más perfectas simbiosis de música y poesía. El resultado es un ensayo cautivador e ilustrado en el que distintos saberes, imágenes y lecturas—desde Jean-Jacques Rousseau o Immanuel Kant, pasando por Johann Wolfgang Goethe, Mary Shelley o Charlotte Brontë, hasta Samuel Beckett o Slavoj Žižek—dialogan para hacer de este singular viaje al corazón del romanticismo alemán una auténtica aventura que atrapará a expertos y neófitos por igual.
600 17 - PUNTO DE ACCESO ADICIONAL DE MATERIA--NOMBRE DE PERSONA
Nombre de persona Schubert, Franz
Fechas asociadas al nombre 1797-1828.
Título de la obra Winterreise
Fuente del encabezamiento o término embne
9 (RLIN) 235991
600 #0 - PUNTO DE ACCESO ADICIONAL DE MATERIA--NOMBRE DE PERSONA
Nombre de persona Müller, Wilhelm,
Fechas asociadas al nombre 1794-1827.
Título de la obra Winterreise-
Subdivisión general Crítica textual
9 (RLIN) 235992
830 ## - PUNTO DE ACCESO ADICIONAL DE SERIE-TÍTULO UNIFORME
9 (RLIN) 179782
Título uniforme El Acantilado ;
Designación de volumen o secuencia 385
852 ## - LOCALIZACIÓN
Ubicación ES-MaACL
Sublocalización o colección R.155106
Ubicación en estantería Depósito J
Número de control de estantería N-9956
Nota libre Compra
itemnumber 201921
Encuadernación Encuadernación rústica con solapas
942 ## - ELEMENTOS DE ENTRADA SECUNDARIOS (KOHA)
Suprimir en OPAC No
Tipo de ítem Koha Libro impreso
Holdings
Estatus retirado Estado de pérdida Fuente del sistema de clasificación o colocación Estado de daño No para préstamo Biblioteca de origen Biblioteca actual Ubicación en estantería Fecha de adquisición Fuente de adquisición Total de préstamos Signatura topográfica completa Código de barras Visto por última vez Precio de reemplazo Tipo de ítem Koha
    Clasificación decimal universal     Biblioteca del Ateneo de Madrid Biblioteca del Ateneo de Madrid Depósito J 24/04/2024 Compra   N-9956 101227168 24/04/2024 24/04/2024 Libro impreso